|
|
|
|
| LEADER |
00930nam a2200277 4500 |
| 001 |
DLU180186061 |
| 005 |
##20180801 |
| 040 |
# |
# |
|a DLU
|b vie
|
| 041 |
# |
# |
|a vie
|
| 044 |
# |
# |
|a vn
|
| 100 |
# |
# |
|a Nguyễn Thị Liên Hương.
|
| 245 |
# |
# |
|a Kiểm định các nhân tố ảnh hưởng đến khả năng lựa chọn ngân hàng gửi tiền bằng mô hình Logit đa thức hỗn hợp /
|c Nguyễn Thị Liên Hương.
|
| 653 |
# |
# |
|a Khách hàng gửi tiền cá nhân
|
| 653 |
# |
# |
|a Lựa chọn ngân hàng
|
| 653 |
# |
# |
|a Logit
|
| 653 |
# |
# |
|a Nhân tố tác động
|
| 773 |
# |
# |
|t Kinh tế &Phát triển
|g Số 246, 2017, tr. 72-80
|
| 920 |
# |
# |
|a Phòng Tạp chí -- Trung tâm Thông tin - Thư viện Trường Đại học Đà Lạt
|
| 994 |
# |
# |
|a DLU
|
| 900 |
# |
# |
|a True
|
| 911 |
# |
# |
|a Nguyễn Thị Thu Phương
|
| 925 |
# |
# |
|a G
|
| 926 |
# |
# |
|a A
|
| 927 |
# |
# |
|a BB
|
| 980 |
# |
# |
|a Thư viện Trường Đại học Đà Lạt
|